[Event "Challenge"]
[Site "http://www.queenalice.com/game.php?id=671109"]
[Date "2009.10.22"]
[Round "-"]
[White "neromann"]
[Black "Oskyrain"]
[Result "1-0"]
[WhiteElo "2109"]
[BlackElo "2202"]

1. d4 Nf6 2. c4 e6 3. Nf3 c5 4. d5 d6 5. Nc3 Be7 6. e4 O-O 7. Be2 exd5 8. cxd5
a6 9. a4 Nbd7 10. O-O Qc7 11. Nd2 1-0

[Event "Challenge"]
[Site "http://www.queenalice.com/game.php?id=681485"]
[Date "2009.11.11"]
[Round "-"]
[White "neromann"]
[Black "Oskyrain"]
[Result "0-1"]
[WhiteElo "2186"]
[BlackElo "2243"]

1. d4 d5 2. c4 e6 3. Nf3 Nf6 4. a3 Be7 5. Nc3 b6 6. cxd5 Nxd5 7. e4 Nxc3 8. bxc3
O-O 9. Bd3 Nc6 10. O-O Bb7 11. Re1 Na5 12. c4 Bf6 13. e5 Be7 14. Bb2 c5 15. Qc2
Bxf3 16. Bxh7+ Kh8 17. gxf3 g6 18. Bxg6 fxg6 19. Kh1 Rf5 20. Rg1 cxd4 21. Rxg6
d3 22. Rag1 Bg5 23. Qd1 Bf4 24. R6g4 d2 25. Qf1 Rf7 26. Qb1 Bh6 27. Rd4 Qf8 28.
Qg6 Rh7 29. Qe4 Nb3 30. Rd6 Nc5 31. Qg4 Bf4 32. h3 Na4 33. Ba1 Qh6 34. Rg2 Qxh3+
35. Qxh3 Rxh3+ 36. Kg1 Rxf3 37. Kf1 Rxa3 0-1

[Event "Challenge"]
[Site "http://www.queenalice.com/game.php?id=683575"]
[Date "2009.11.15"]
[Round "-"]
[White "Ludus"]
[Black "Oskyrain"]
[Result "0-1"]
[WhiteElo "2197"]
[BlackElo "2198"]

1. e4 c5 2. Nf3 Nc6 3. Bb5 Nd4 4. Bc4 Nf6 5. c3 Nxf3+ 6. Qxf3 e5 7. O-O d6 8. d4
Bg4 9. Bb5+ Bd7 10. Bxd7+ Qxd7 11. dxe5 dxe5 12. Rd1 Qc6 13. c4 Qxe4 14. Qxe4
Nxe4 15. Re1 O-O-O 16. Nc3 Nxc3 17. bxc3 f6 18. Be3 Rd3 19. Rac1 Be7 20. Kf1
Rhd8 21. Ke2 f5 22. f3 b6 23. Bd4 e4 24. Bxg7 Rd2+ 25. Kf1 Bh4 26. g3 Rxh2 0-1

[Event "Challenge"]
[Site "http://www.queenalice.com/game.php?id=704425"]
[Date "2009.12.27"]
[Round "-"]
[White "Oskyrain"]
[Black "GEORGESILVA"]
[Result "1-0"]
[WhiteElo "2198"]
[BlackElo "2103"]

1. e4 c5 2. Nf3 d6 3. d4 cxd4 4. Nxd4 a6 5. Nc3 e5 6. Nb3 Nf6 7. Be2 Be7 8. O-O
Be6 9. f4 O-O 10. f5 Bxb3 11. axb3 Nbd7 12. Qd3 Nc5 13. Qf3 b5 14. b4 Ncd7 15.
Qg3 Kh8 16. Be3 d5 17. Nxd5 Nxe4 18. Qf3 Nef6 19. Nxe7 Qxe7 20. c3 e4 21. Qg3
Qe5 22. Qxe5 Nxe5 23. Rfd1 h6 24. Rd6 Rfd8 25. Rdxa6 Rxa6 26. Rxa6 Nd3 27. Bd4
Nd5 28. Rxh6+ Kg8 29. Rh4 Re8 30. g3 f6 31. Rxe4 Rxe4 32. Bxd3 Re1+ 33. Kf2 Rd1
34. Bxb5 Kh7 35. Ke2 Rh1 36. Bc5 Rxh2+ 37. Bf2 Kh6 38. Bd3 Kg5 39. Kf3 Rh1 40.
Be4 Ne7 41. Be3+ Kh5 42. Kg2 1-0

[Event "Challenge"]
[Site "http://www.queenalice.com/game.php?id=711603"]
[Date "2010.1.10"]
[Round "-"]
[White "Oskyrain"]
[Black "castel1341"]
[Result "1-0"]
[WhiteElo "2264"]
[BlackElo "2046"]

1. e4 c5 2. Nf3 d6 3. d4 cxd4 4. Nxd4 Nf6 5. Nc3 a6 6. Bg5 Qa5 7. Bxf6 gxf6 8.
Nb3 Qe5 9. Bd3 e6 10. g3 Qg5 11. f4 Qh6 12. Qd2 Nd7 13. O-O-O Be7 14. Kb1 b6 15.
Qe2 Bb7 16. Rhe1 O-O 17. f5 Ne5 18. fxe6 fxe6 19. Nd4 Qh3 20. Bc4 d5 21. exd5
Rac8 22. Bxa6 Bxa6 23. Qxa6 exd5 24. Nxd5 Bc5 25. Qf1 Qh6 26. Nf5 Qxh2 27. Nfe7+
Bxe7 28. Nxe7+ Kg7 29. Nxc8 Rxc8 30. Qf5 Rxc2 31. Qxc2 Qh6 32. Rxe5 fxe5 33.
Qc7+ Kg6 34. Rd6+ Kh5 35. Qf7+ Kg5 36. Rxh6 Kxh6 37. g4 Kg5 38. Qxh7 Kxg4 39.
Qe4+ 1-0

[Event "Challenge"]
[Site "http://www.queenalice.com/game.php?id=718116"]
[Date "2010.1.22"]
[Round "-"]
[White "Oskyrain"]
[Black "Diemerlin"]
[Result "1-0"]
[WhiteElo "2314"]
[BlackElo "2204"]

1. e4 e6 2. d4 d5 3. e5 c5 4. c3 Nc6 5. Nf3 Nh6 6. Bd3 f6 7. exf6 Qxf6 8. Bg5
Qf7 9. Bb5 Bd6 10. Bxc6+ bxc6 11. Bxh6 gxh6 12. Qa4 Bd7 13. Nbd2 O-O 14. O-O Qg7
15. Ne5 cxd4 16. Nxd7 Qxd7 17. cxd4 Rab8 18. Nb3 e5 19. Rac1 Rb6 20. dxe5 Bxe5
21. Rc2 Rf4 22. Qa5 Bd6 23. Qd2 Qf5 24. g3 Re4 25. Kg2 Bf8 26. Rfc1 Qf6 27. Qa5
Re7 28. Qa4 Rc7 29. Qd4 Bg7 30. Qd1 Qg6 31. Re2 Rf7 32. Rcc2 h5 33. Nd4 Qf6 34.
Ne6 h4 35. b3 Qf3+ 36. Kg1 h3 37. Qf1 Qf5 38. Nxg7 Kxg7 39. f4 h6 40. Qd1 Qd7
41. Re5 Rb7 42. Qd4 Rf6 43. f5 Kh7 44. Rce2 Qg7 45. Qh4 Qg5 46. Qxh3 a5 47. Qf1
h5 48. Kh1 Rg7 49. R2e3 Rgf7 50. Rf3 h4 51. gxh4 Qh5 52. Rf4 Rf8 53. Qe1 Qh6 54.
Qf2 Qh5 55. Qa7+ R8f7 56. Qxa5 Qh6 57. Qa4 Rg7 58. Qd4 c5 59. Qe3 c4 60. Re7
cxb3 61. axb3 Ra6 62. Rxg7+ Qxg7 63. Qg3 Qb2 64. Rf1 Qd4 65. Re1 Qg7 66. Qd3 Qf6
67. Qxd5 Rd6 68. Qe4 Rd7 69. b4 Ra7 70. b5 Rf7 71. b6 Qxf5 72. Qxf5+ Rxf5 73.
Rb1 Rf8 74. Rb5 Rb8 75. Kg2 Rb7 76. Kf3 Kg6 77. Ke4 Kf6 78. Kd5 Rb8 79. Kc6 Ke7
80. Kc7 Rh8 81. b7 Kf6 82. b8=Q Rh7+ 83. Kd6 Rf7 84. Qh8+ 1-0

[Event "Challenge"]
[Site "http://www.queenalice.com/game.php?id=720637"]
[Date "2010.1.26"]
[Round "-"]
[White "JDZ"]
[Black "Oskyrain"]
[Result "1/2-1/2"]
[WhiteElo "2415"]
[BlackElo "2207"]

1. c4 Nf6 2. d4 e6 3. Nc3 Bb4 4. Qc2 O-O 5. a3 Bxc3+ 6. Qxc3 b6 7. Bg5 Bb7 8. e3
d6 9. Ne2 Nbd7 10. Qd3 Ba6 11. Nc3 d5 12. Qc2 Bxc4 13. Bxc4 dxc4 14. Qa4 h6 15.
Bxf6 Nxf6 16. Qxc4 Qd6 17. O-O a6 18. Rac1 b5 19. Qe2 Rfc8 20. Rfd1 c5 21. dxc5
Qxc5 22. h3 Rab8 23. b4 Qe7 24. Qb2 Rc4 25. Ne2 Rbc8 26. Rxc4 Rxc4 27. Qe5 Rc8
28. f3 Qa7 29. Rd3 Nd7 30. Qd4 Qxd4 31. Rxd4 Ne5 32. f4 Nc4 33. Rd3 f5 34. Kf2
e5 35. g4 Rf8 36. gxf5 Rxf5 37. e4 Rf6 38. f5 Rd6 39. Rxd6 Nxd6 40. Nc3 Kf7 41.
Kf3 g6 42. fxg6+ Kxg6 43. a4 bxa4 44. Nxa4 Nc4 45. Nc5 1/2-1/2

[Event "2do TORNEO"]
[Site "http://www.queenalice.com/game.php?id=725553"]
[Date "2010.2.4"]
[Round "2"]
[White "Pentotal"]
[Black "Oskyrain"]
[Result "1-0"]
[WhiteElo "2409"]
[BlackElo "2269"]

1. e4 c5 2. Nf3 d6 3. Bc4 Nf6 4. Nc3 Nc6 5. d4 cxd4 6. Nxd4 e6 7. O-O Be7 8. Be3
O-O 9. Qe2 a6 10. Rad1 Qc7 11. Nxc6 bxc6 12. Bf4 e5 13. Bc1 Bg4 14. f3 Be6 15.
Bb3 a5 16. Be3 Rfb8 17. Bxe6 fxe6 18. Na4 d5 19. b3 Nd7 20. c3 Rf8 21. Rfe1 Rae8
22. Bf2 Bd6 23. Nb2 Nf6 24. Qe3 dxe4 25. Nc4 Nd5 26. Qd2 exf3 27. Nxd6 Qxd6 28.
c4 Rf5 29. Qxa5 Rg5 30. g3 e4 31. Qd2 Rg4 32. cxd5 exd5 33. Kh1 h5 34. Rg1 Qe7
35. Be3 Rb8 36. Qc3 Rg6 37. a4 Qe6 38. a5 Qf7 39. Rd2 Qb7 40. Qe5 Ra8 41. Bb6
Rh6 42. Ra1 Qc8 43. b4 Re6 44. Qg5 Qe8 45. Bd4 Rg6 46. Qe5 Qxe5 47. Bxe5 h4 48.
Kg1 hxg3 49. Bxg3 Re6 50. Rd4 e3 51. Kf1 g5 52. b5 cxb5 53. Rxd5 g4 54. Rxb5 Kh7
55. Rb7+ Kh6 56. Rb4 e2+ 57. Ke1 Rea6 58. Bc7 Rc6 59. Rb6 Ra6 60. Rxc6+ Rxc6 61.
Bf4+ Kg6 62. a6 Rc8 63. a7 1-0

[Event "Challenge"]
[Site "http://www.queenalice.com/game.php?id=735253"]
[Date "2010.2.20"]
[Round "-"]
[White "NandoBg"]
[Black "Oskyrain"]
[Result "0-1"]
[WhiteElo "2228"]
[BlackElo "2251"]

1. Nc3 d5 2. d4 e6 3. e4 Nf6 4. Bd3 c5 5. Nf3 Nc6 6. exd5 cxd4 7. dxc6 dxc3 8.
cxb7 Bxb7 9. Bb5+ Ke7 10. Qe2 a6 11. Bc4 cxb2 12. Bxb2 Qa5+ 13. c3 Rc8 14. Rd1
Bxf3 15. gxf3 Rc5 16. O-O Ke8 17. Bb3 Be7 18. c4 Kf8 19. Kh1 g6 20. Rg1 Kg7 21.
Qe3 Qc7 22. Rg5 h6 23. Be5 Qa5 24. Bc3 Qc7 25. Rxc5 Bxc5 26. Qe2 Rd8 27. Rxd8
Qxd8 28. Qb2 Be7 29. Kg2 Kh7 30. Qd2 Qxd2 31. Bxd2 Bc5 32. Ba4 Bd6 33. Bc6 Nh5
34. Bb7 Nf4+ 35. Kf1 Nd3 36. Bxa6 Nb4 37. c5 Bxc5 38. Bc4 Nc6 39. a4 Bb6 40. Bb5
Na5 41. Ke2 Kg7 42. Be3 Bd8 43. Kd3 Bc7 44. f4 Kf6 45. Kc3 Nb7 46. Bd3 Ke7 47.
Kb4 Kd7 48. Bb5+ Kc8 49. Ba6 Kb8 50. Bxb7 Kxb7 51. Kb5 e5 52. f5 gxf5 53. Bxh6
Bd8 54. Kc5 Ka6 55. Bd2 e4 56. Kd5 Bh4 57. Ke5 Bxf2 58. Kf4 Kb7 59. Be3 Be1 60.
Kxf5 Ka6 61. Kxe4 Ka5 62. Kf3 Kxa4 63. Kg4 Bc3 64. h4 Bb2 65. Kf5 Bc3 66. Bf4
Kb4 67. Be5 Bd2 0-1

[Event "Challenge"]
[Site "http://www.queenalice.com/game.php?id=739675"]
[Date "2010.3.2"]
[Round "-"]
[White "Oskyrain"]
[Black "fac"]
[Result "1-0"]
[WhiteElo "2232"]
[BlackElo "2208"]

1. e4 e5 2. Nf3 Nc6 3. Bc4 Bc5 4. c3 Nf6 5. d4 exd4 6. cxd4 Bb4+ 7. Bd2 Bxd2+ 8.
Nbxd2 d5 9. exd5 Nxd5 10. Qb3 Na5 11. Qa4+ Nc6 12. O-O O-O 13. Bxd5 Qxd5 14.
Rfc1 Rd8 15. Rc5 Qd6 16. Ne4 Qf4 17. Re1 Be6 18. Qb5 Nxd4 19. Nxd4 Rxd4 20. Qxb7
Rad8 21. g3 Qf3 22. Rc3 Qf5 23. Qxc7 R4d7 24. Qc6 Bd5 25. Qa4 h6 26. Rce3 Bb7
27. Qc2 Qh3 28. f3 f5 29. Nf2 Qh5 30. Nd3 Rc8 31. Qa4 Rdc7 32. Qb3+ Kh7 33. Nf4
Qf7 34. Re6 Rd7 35. h4 Rc5 36. Qe3 Rc2 37. h5 Rxb2 38. Re8 Rb6 39. Rb8 Rbd6 40.
Qe8 Qxe8 41. Rexe8 g5 42. hxg6+ Kg7 43. Rg8+ Kf6 44. Rbf8+ Ke5 45. Rf7 Bc6 46.
Re8+ Kd4 47. Rb8 Kc5 48. g7 Rxf7 49. g8=Q Rd1+ 50. Kf2 Rd2+ 51. Ke3 Rdd7 52. Rb2
Rde7+ 53. Kf2 Rb7 54. Rc2+ Kb5 55. Qd8 Rfd7 56. a4+ Kb4 57. Qf8+ Ka5 58. Qc5+
1-0

[Event "AUTO-OPEN-1596"]
[Site "http://www.queenalice.com/game.php?id=759163"]
[Date "2010.4.10"]
[Round "3"]
[White "Oskyrain"]
[Black "Pagano"]
[Result "1-0"]
[WhiteElo "2253"]
[BlackElo "2047"]

1. e4 c6 2. d4 d5 3. Nc3 dxe4 4. Nxe4 Nd7 5. Bc4 Ngf6 6. Ng5 e6 7. Qe2 Nb6 8.
Bd3 h6 9. N5f3 c5 10. Be3 cxd4 11. Bxd4 Be7 12. O-O-O Bd7 13. Ne5 O-O 14. g4 Bc6
15. Nxc6 bxc6 16. Bxf6 1-0

[Event "AUTO-OPEN-1596"]
[Site "http://www.queenalice.com/game.php?id=759164"]
[Date "2010.4.10"]
[Round "3"]
[White "Pagano"]
[Black "Oskyrain"]
[Result "0-1"]
[WhiteElo "2041"]
[BlackElo "2259"]

1. f4 d5 2. Nf3 Nc6 3. b3 Nf6 4. e3 g6 5. Bb2 Bg7 6. Bb5 O-O 7. Bxc6 bxc6 8. O-O
Bg4 9. c4 dxc4 10. bxc4 Rb8 11. Qc2 Bf5 12. Qc1 Bd3 13. Re1 Bxc4 14. Na3 Bd5 15.
Be5 Qd7 16. Nc4 c5 17. h3 Rb4 18. Na5 Bxf3 19. gxf3 Qxh3 0-1

[Event "Challenge"]
[Site "http://www.queenalice.com/game.php?id=781625"]
[Date "2010.5.27"]
[Round "-"]
[White "highlander7"]
[Black "Oskyrain"]
[Result "1-0"]
[WhiteElo "2341"]
[BlackElo "2261"]

1. e4 c5 2. Nf3 d6 3. d4 cxd4 4. Nxd4 Nf6 5. Nc3 a6 6. Bc4 e6 7. O-O b5 8. Bd3
Bb7 9. a4 b4 10. Na2 Nxe4 11. Nxb4 Nf6 12. c3 Be7 13. a5 O-O 14. Bg5 Nbd7 15.
Qe2 Qc8 16. Nf5 Re8 17. Nxe7+ Rxe7 18. Rfd1 h6 19. Bh4 Re8 20. Bg3 e5 21. Bc2
Qc5 22. Qe3 Qc7 23. Bh4 Rab8 24. Bf5 d5 25. f3 Qc5 26. Qxc5 Nxc5 27. Bxf6 gxf6
28. Nxd5 Kg7 29. Nb6 Nb3 30. Ra3 Nc5 31. b4 Ne6 32. Bxe6 fxe6 33. c4 Re7 34. Rd6
h5 35. Na4 Rc7 36. Nc5 Bc8 37. Rb6 Rxb6 38. axb6 Rc6 39. b7 Bxb7 40. Nxb7 Rxc4
41. Nd8 Rxb4 42. Rxa6 h4 43. Nxe6+ Kf7 44. h3 Rb1+ 45. Kh2 Rc1 46. Nd8+ Ke7 47.
Nb7 Rc4 48. Nd6 Rf4 49. Ne4 Kf7 50. Kg1 Kg7 51. Kf2 Kg6 52. Ke3 Rf5 53. Rxf6+
1-0

[Event "Challenge"]
[Site "http://www.queenalice.com/game.php?id=790005"]
[Date "2010.6.14"]
[Round "-"]
[White "Oskyrain"]
[Black "blanenatelo05"]
[Result "1-0"]
[WhiteElo "2277"]
[BlackElo "2305"]

1. e4 c5 2. Nf3 d6 3. d4 cxd4 4. Nxd4 Nf6 5. Nc3 a6 6. Be3 Nc6 7. Qd2 Ng4 8. Bg5
h6 9. Bh4 g5 10. Bg3 Bg7 11. h3 Bxd4 12. hxg4 Bxg4 13. Nd5 Rc8 14. c3 Bg7 15. f3
Bd7 16. O-O-O Ne5 17. Bf2 Ba4 18. b3 Bc6 19. Nb6 Rb8 20. Bd4 Bf6 21. Be2 h5 22.
g3 e6 23. Qe3 h4 24. f4 gxf4 25. gxf4 Ng6 26. Nc4 Nxf4 27. Kb2 Nxe2 28. Bxf6
Qxf6 29. Nxd6+ Ke7 30. Qxe2 Rh7 31. Rhf1 Qe5 32. Qf2 f5 33. exf5 Bd5 34. fxe6
Kxd6 35. Rfe1 Qg3 36. Qb6+ Ke7 37. Rxd5 Qg2+ 38. Ka1 Qxd5 39. Qc7+ 1-0

[Event "2do TORNEO"]
[Site "http://www.queenalice.com/game.php?id=790019"]
[Date "2010.6.14"]
[Round "3"]
[White "Oskyrain"]
[Black "jagvg"]
[Result "1-0"]
[WhiteElo "2262"]
[BlackElo "2376"]

1. e4 e5 2. Nf3 Nc6 3. Bc4 Bc5 4. c3 Nf6 5. d3 d6 6. O-O Be6 7. Bxe6 fxe6 8. b4
Bb6 9. Nbd2 O-O 10. Qb3 Qd7 11. Nc4 d5 12. exd5 exd5 13. Ncxe5 Nxe5 14. Nxe5 Qf5
15. d4 c6 16. Be3 Ng4 17. Rae1 Qh5 18. h3 Nxe5 19. dxe5 Bxe3 20. Rxe3 a5 21.
bxa5 Rxa5 22. Qxb7 Rxa2 23. Qxc6 Raxf2 24. Rxf2 Qd1+ 25. Kh2 Rxf2 26. Qe6+ Kf8
27. Qc8+ Ke7 28. Qc7+ Ke8 29. Qb8+ Ke7 30. Qb4+ Ke8 31. e6 Rxg2+ 32. Kxg2 Qc2+
33. Kf3 Qf5+ 34. Kg3 Qg6+ 35. Kf2 Qc2+ 36. Re2 Qf5+ 37. Ke1 h6 38. e7 1-0

[Event "Challenge"]
[Site "http://www.queenalice.com/game.php?id=815900"]
[Date "2010.8.10"]
[Round "-"]
[White "Oskyrain"]
[Black "Elemptis"]
[Result "1-0"]
[WhiteElo "2290"]
[BlackElo "2125"]

1. e4 e5 2. Nf3 Nc6 3. Bc4 Bc5 4. c3 Nf6 5. d3 a6 6. Bb3 d6 7. O-O O-O 8. Nbd2
b5 9. Bc2 Bb6 10. Nb3 d5 11. exd5 Qxd5 12. Bg5 Bg4 13. Nbd2 h6 14. Bxf6 gxf6 15.
Ne4 Qd8 16. h3 Be6 17. Re1 f5 18. Ng3 Qd6 19. Nh4 e4 20. Nhxf5 Bxf5 21. Nxf5 Qf4
22. Ne3 f5 23. Qh5 Kg7 24. d4 Ne7 25. g4 c5 26. Nxf5+ Nxf5 27. Rxe4 Qg5 28.
Qxg5+ hxg5 29. Re6 Nh4 30. Rxb6 cxd4 31. cxd4 Nf3+ 32. Kg2 Nxd4 33. Be4 Ra7 34.
Rd1 Ne2 35. Rg6+ Kf7 36. Rxg5 1-0

[Event "2do TORNEO"]
[Site "http://www.queenalice.com/game.php?id=849109"]
[Date "2010.10.22"]
[Round "4"]
[White "abh"]
[Black "Oskyrain"]
[Result "0-1"]
[WhiteElo "2077"]
[BlackElo "2309"]

1. d4 Nf6 2. c4 e6 3. Nc3 Bb4 4. e3 O-O 5. Bd3 d5 6. Ne2 c5 7. O-O Nc6 8. a3
Bxc3 9. bxc3 dxc4 10. Bxc4 b6 11. dxc5 bxc5 12. Qxd8 Rxd8 13. a4 Na5 14. Ba2 Ba6
15. Re1 Bxe2 16. Ba3 Rd2 17. Bxc5 Rb8 18. f3 Rbb2 19. Reb1 Rxb1+ 20. Rxb1 Nd7
21. Ra1 Nxc5 22. Kf2 Bc4+ 23. Kg3 Bxa2 0-1

[Event "Kaspreta"]
[Site "http://www.queenalice.com/game.php?id=854131"]
[Date "2010.11.3"]
[Round "-"]
[White "Oskyrain"]
[Black "kaspreta"]
[Result "1-0"]
[WhiteElo "2297"]
[BlackElo "2302"]

1. e4 e5 2. Nf3 Nc6 3. Bc4 Bc5 4. c3 Nf6 5. d3 a5 6. O-O d6 7. Re1 Ng4 8. Re2 f6
9. d4 Bb6 10. Bd5 h5 11. h3 g5 12. Nbd2 Qd7 13. Nc4 Ba7 14. b3 Ne7 15. a4 Nxd5
16. exd5 Qg7 17. Qd3 Bd7 18. Nxa5 O-O-O 19. Qc4 exd4 20. cxd4 Qf7 21. Ba3 Kb8
22. Rae1 Rde8 23. Rxe8+ Bxe8 24. Rc1 Bb6 25. Nxb7 Kxb7 26. Bxd6 Qd7 27. Bc5 Nh6
28. Nd2 Nf7 29. Qb4 Nd6 30. a5 Qb5 31. axb6 Qxb4 32. Bxb4 Kxb6 33. Bxd6 cxd6 34.
Ne4 Bb5 35. Nxd6 Rd8 36. Nxb5 Kxb5 37. Rc4 Rxd5 38. Rc5+ Rxc5 39. dxc5 Kxc5 40.
f4 1-0

[Event "2do TORNEO"]
[Site "http://www.queenalice.com/game.php?id=895619"]
[Date "2011.2.4"]
[Round "5"]
[White "Oskyrain"]
[Black "lfcanales"]
[Result "1-0"]
[WhiteElo "2323"]
[BlackElo "2047"]

1. d4 d5 2. c4 e6 3. Nc3 Bb4 4. Nf3 h6 5. Bd2 Nf6 6. e3 Nc6 7. Qc2 O-O 8. a3 Be7
9. Rc1 a6 10. Be2 Nh7 11. O-O f5 12. cxd5 exd5 13. Nxd5 Be6 14. Nf4 Qe8 15. Nxe6
Bxa3 16. bxa3 b5 17. Nxc7 Nxd4 18. Nxd4 1-0

[Event "Challenge"]
[Site "http://www.queenalice.com/game.php?id=904342"]
[Date "2011.2.23"]
[Round "-"]
[White "mariarosa"]
[Black "Oskyrain"]
[Result "0-1"]
[WhiteElo "2017"]
[BlackElo "2327"]

1. f4 d5 2. Nf3 g6 3. e3 Bg7 4. Nc3 Nc6 5. Be2 Nf6 6. O-O O-O 7. b3 d4 8. exd4
Nxd4 9. Bb2 Bf5 10. d3 Nd5 11. Nxd5 Qxd5 12. Kh1 Nxe2 13. Qxe2 Bxb2 14. Rab1 Bc3
15. Qxe7 Rae8 16. Qxc7 Rc8 17. Qe7 Rfe8 18. Qh4 Re2 19. Rbc1 Bb2 20. Rb1 Rcxc2
21. g3 Rf2 22. Rfe1 Qxf3+ 23. Kg1 Qg2# 0-1

[Event "QA-ANNIV-07"]
[Site "http://www.queenalice.com/game.php?id=950754"]
[Date "2011.6.16"]
[Round "1"]
[White "schwam"]
[Black "Oskyrain"]
[Result "1/2-1/2"]
[WhiteElo "2174"]
[BlackElo "2330"]

1. d4 Nf6 2. c4 e6 3. Nc3 Bb4 4. e3 O-O 5. Nf3 c5 6. Bd3 d5 7. O-O Nc6 8. a3
Bxc3 9. bxc3 dxc4 10. Bxc4 Qc7 11. Ba2 e5 12. Qc2 Bg4 13. dxe5 Nxe5 14. Ne1 b5
15. f3 Bd7 16. e4 Rfd8 17. f4 Nc4 18. Nf3 h6 19. a4 a6 20. Bxc4 bxc4 21. Nd2 Be6
22. e5 Ne8 23. Qe4 g6 24. Re1 Rab8 25. Nxc4 Ng7 26. Qe2 Nf5 27. Nd2 Bd5 28. a5
Qc6 29. Ne4 Bxe4 30. Qxe4 Qxe4 31. Rxe4 Rd1+ 32. Kf2 h5 33. Re2 Rb3 34. Bb2 Rxa1
35. Bxa1 Ra3 36. Bb2 Rxa5 37. Bc1 c4 38. Rb2 Ra1 39. Bd2 a5 40. Rb8+ Kg7 41. Rc8
Ra2 42. Ke2 Nh4 43. Rxc4 Nxg2 44. Rd4 a4 45. Kd3 Nh4 46. Rd7 Nf3 47. Be3 Kg8 48.
c4 Rxh2 49. c5 a3 50. c6 a2 51. Ra7 1/2-1/2